00275nam a2200109Ia 4500008004100000245003200041260004900073260000900122300001000131500000800141650001600149170224s9999 xx 000 0 und d aMoral actor, selfish agent. bJournal of Personality and Social Psychology c2014 a106:5 aMay xPsychology.